BIBLIOTECA

SENCICO

Legislación de la administración pública peruana 28 - 07 - 80 a 31 - 08 - 83 / (Registro nro. 285)

Detalles MARC
000 -LEADER
fixed length control field 00839nam a2200205Ia 4500
003 - CONTROL NUMBER IDENTIFIER
control field PE SENCICO BE
005 - DATE AND TIME OF LATEST TRANSACTION
control field 20251020182432.0
008 - FIXED-LENGTH DATA ELEMENTS--GENERAL INFORMATION
fixed length control field 200515s9999 xx 000 0 und d
040 ## - CATALOGING SOURCE
Original cataloging agency PE SENCICO BE
Transcribing agency PE SENCICO BE
041 ## - LANGUAGE CODE
Language code of text/sound track or separate title spa
082 ## - DEWEY DECIMAL CLASSIFICATION NUMBER
Classification number 351.985
Item number I5
110 1# - MAIN ENTRY--CORPORATE NAME
Corporate name or jurisdiction name as entry element Instituto Nacional de Administración Pública.
9 (RLIN) 2622
Subordinate unit Dirección General de Desarrollo Administrativo Integral
245 10 - TITLE STATEMENT
Title Legislación de la administración pública peruana 28 - 07 - 80 a 31 - 08 - 83 /
Statement of responsibility, etc. Instituto Nacional de Administración Pública
260 ## - PUBLICATION, DISTRIBUTION, ETC.
Place of publication, distribution, etc. Lima :
Name of publisher, distributor, etc. Instituto Nacional de Administración Pública. Dirección General de Desarrollo Administrativo Integral ;
Date of publication, distribution, etc. 1983
300 ## - PHYSICAL DESCRIPTION
Extent [110 hojas] :
Dimensions 29 cm.
650 10 - SUBJECT ADDED ENTRY--TOPICAL TERM
Topical term or geographic name entry element Administración pública
9 (RLIN) 1650
650 20 - SUBJECT ADDED ENTRY--TOPICAL TERM
Topical term or geographic name entry element Legislación
9 (RLIN) 1707
651 10 - SUBJECT ADDED ENTRY--GEOGRAPHIC NAME
9 (RLIN) 661
Geographic name Perú
942 ## - ADDED ENTRY ELEMENTS (KOHA)
Koha item type Libros
Source of classification or shelving scheme Dewey Decimal Classification
Existencias
Fecha de la última vez que lo usaron Número de ingreso o de inventario Pago total Signatura topográfica completa Código de barras Precio efectivo desde Tipo de documento Estado perdido Sistema de clasificación Estado dañado No es para préstamo Retirado Ubicación permanente Ubicación actual Fecha de adquisición
15/05/2020 9555   351.985/I5 BibLima24100032 15/05/2020 Libros   Dewey Decimal Classification       Biblioteca Central Lima Biblioteca Central Lima 15/05/2020